Central Library OPAC University of Rajshahi

The world of Hrishikesh Mukherjee : (Record no. 73994)

MARC details
000 -LEADER
fixed length control field 01000nam a2200265 a 4500
001 - CONTROL NUMBER
control field 73994
003 - CONTROL NUMBER IDENTIFIER
rucl marc code BD-RjUL
005 - DATE AND TIME OF LATEST TRANSACTION
control field 20211209082454.0
008 - FIXED-LENGTH DATA ELEMENTS--GENERAL INFORMATION
fixed length control field 171217s2015 ii af bq 001 0 eng d
020 ## - INTERNATIONAL STANDARD BOOK NUMBER
International Standard Book Number 9780670087082
Terms of availability 599.00
035 ## - SYSTEM CONTROL NUMBER
System control number (BD-RjUL)74212
System control number (OCoLC)921830457
040 ## - CATALOGING SOURCE
Original cataloging agency DKAGE
Language of cataloging eng
Description conventions rda
Transcribing agency DKAGE
Modifying agency OCLCF
-- OCLCQ
-- DLC
-- BD-RjUL
041 ## - LANGUAGE CODE
Language code of text/sound track or separate title eng
082 04 - DEWEY DECIMAL CLASSIFICATION NUMBER
Edition number 23
Classification number 791.430233092
Author mark and year SIW 2015
100 1# - MAIN ENTRY--PERSONAL NAME
Personal name Singh, Jai Arjun,
9 (RLIN) 219697
245 14 - TITLE STATEMENT
Title The world of Hrishikesh Mukherjee :
Remainder of title the filmmaker everyone loves /
Statement of responsibility, etc. Jai Arjun Singh.
246 30 - VARYING FORM OF TITLE
Title proper/short title Hrishikesh Mukherjee
300 ## - PHYSICAL DESCRIPTION
Pagination x, 331 pages, 18 unnumbered pages of plates :
Illustrations illustrations (black and white, and color) ;
Size 23 cm
504 ## - BIBLIOGRAPHY, ETC. NOTE
Bibliography, etc Includes filmography (289-306), bibliographical references (307-312) and index.
600 10 - SUBJECT ADDED ENTRY--PERSONAL NAME
Personal name Mukherjee, Hrishikesh,
Dates associated with a name 1922-2006
General subdivision Criticism and interpretation.
650 ## - SUBJECT ADDED ENTRY--TOPICAL TERM
Topical term or geographic name as entry element Motion pictures
Geographic subdivision India
9 (RLIN) 219701
942 ## - ADDED ENTRY ELEMENTS (KOHA)
Source of classification or shelving scheme Dewey Decimal Classification
Koha item type Books
Holdings
Lost status Source of classification or shelving scheme Damaged status Not for loan Collection code Permanent Location Current Location Shelving location Date acquired Source of acquisition Cost, normal purchase price Total Checkouts Full call number Date last seen Copy number Koha item type
  Dewey Decimal Classification   Not For Loan Non-fiction Central Library, University of Rajshahi Central Library, University of Rajshahi Reading Room 20/04/2017 R.U. V.C OFFICE 599.00   791.430233092 SIW 2015 17/12/2017 C-1 Books